banner-ar

شرح ابن عقيل قاضى القضاة بهاءالدين عبدالله بن عقيل العقيلى الهمذانى المصرى : (Record no. 54355)

MARC details
000 -الفاتح
حقل البيانات ثابتة الطول 01182nam a2200205Ia 4500
008 - عناصر البيانات ثابتة الطول - معلومات عامة
حقل البيانات ثابتة الطول 140319s9999 xx 000 0 ara d
040 ## - مصدر الفهرسة
وكالة الفهرسة الأصلية GCL /
وكالة النسخ GCL
082 04 - رقم تصنيف ديوى العشرى
رقم التصنيف 415.1
رقم المادة ب ش
100 1# - المدخل الرئيسى - إسم شخصى
الإسم الشخصى ابن عقيل : بهاءالدين عبدالله بن عبدالرحمن بن عبدالله بن محمد القرشى
245 10 - بيان العنوان
العنوان شرح ابن عقيل قاضى القضاة بهاءالدين عبدالله بن عقيل العقيلى الهمذانى المصرى :
بقية العنوان المولود سنة 698 هـ المتوفى فى سنة 769 هـ على ألفية الامام الحجة الثابت أبى عبدالله محمد جمال الدين بن مالك المولود سنة 600 هـ المتوفى سنة 672 هـ /
بيان المسئوليه,etc ابن عقيل : بهاءالدين عبدالله بن عبدالرحمن بن عبدالله بن محمد القرشى
250 ## - بيان الطبعة
بيان الطبعة العشرون
260 ## - PUBLICATION, DISTRIBUTION, ETC. (IMPRINT)
تاريخ النشر أو التوزيع 1980
300 ## - الوصف المادى
التعداد 2 مجلد ؛
أبعاد الوعاء 24 سم
490 ## - بيان السلسلة
عنوان السلسلة
650 04 - المدخل الاضافى بالموضوع-مصطلح موضوعى
مصطلح موضوعي النحو
650 04 - المدخل الاضافى بالموضوع-مصطلح موضوعى
مصطلح موضوعي اللغة العربية
650 04 - المدخل الاضافى بالموضوع-مصطلح موضوعى
مصطلح موضوعي النحو العربى
942 ## - عناصر المدخل الإضافي( كوها)
مصدر التصنيف او مخطط الترفيف Dewey Decimal Classification
Koha [default] item type كتاب
260 ## - PUBLICATION, DISTRIBUTION, ETC. (IMPRINT)
-- القاهرة :
-- دار التراث العربى للطباعة والنشر ،
Holdings
حالة التراجع حالة الفقد حالة تلف ليس للاعارة المكان المؤقت الموقع الحالى تاريخ الاكتساب اجمالي اﻻعارات رقم الطلب الباركود تاريخ اخر مشاهدة تاريخ تفعيل السعر نوع وعاء كوها
        مكتبة القاهرة الكبرى مكتبة القاهرة الكبرى 03/26/2014   415.1\ب ش 130745 03/26/2014 03/26/2014 كتاب
        مكتبة القاهرة الكبرى مكتبة القاهرة الكبرى 03/26/2014   415.1\ب ش 130746 03/26/2014 03/26/2014 كتاب
        مكتبة القاهرة الكبرى مكتبة القاهرة الكبرى 03/26/2014   415.1\ب ش 130747 03/26/2014 03/26/2014 كتاب
        مكتبة القاهرة الكبرى مكتبة القاهرة الكبرى 03/26/2014   415.1\ب ش 130748 03/26/2014 03/26/2014 كتاب
        مكتبة القاهرة الكبرى مكتبة القاهرة الكبرى 03/26/2014   415.1\ب ش 130749 03/26/2014 03/26/2014 كتاب

Powered By

EGPV